| 000 | 00536nam a22001697a 4500 | ||
|---|---|---|---|
| 999 |
_c9398 _d9398 |
||
| 008 | 210409b ||||| |||| 00| 0 eng d | ||
| 040 | _aBMS College of Architecture | ||
| 100 | _aNath, Shruti | ||
| 245 | _aIntegrated township along golden corridor | ||
| 300 | _a73p. | ||
| 500 | _a1BM10AHD03 | ||
| 502 |
_8M.Arch (Habitat Design) _NBMS College of Architecture, Visvesvaraya Technological University _aDissertation _d2012 |
||
| 650 | _aNA | ||
| 700 |
_aMamatha P Raj _eGuide |
||
| 700 |
_aMadhu Chand K R _eGuide |
||
| 942 |
_2ddc _cPGTHE |
||